000 00693nam a2200205Ia 4500
005 20241129111006.0
008 241129s9999||||xx |||||||||||||| ||und||
037 _aTB
040 _aCRL
_bpun
_cCRL
041 _apun
_2pun
084 _aS:4 153R2
_qCRL
100 _aਮਰਖ਼ੀ, ਜੋਸੇਖ਼, ਚ।
245 0 _aਤੁਹਾਡੇ ਅਵਚੇਤਨ ਮਨ ਦੀ ਸ਼ਕਤੀ
_cਮਰਖ਼ੀ, ਜੋਸੇਖ਼, ਚ।
260 _aਬਰਨਾਲਾ, ਭਾਰਤ
_bਤਰਕਭਾਰਤੀ ਪ੍ਰਕਾਸ਼ਨ
_c2022
300 _a264ਪ੍ਰ0
365 _aINR
_b250
650 _aPsychology
942 _cTB
_hS:4 153R2
999 _c1228437
_d1228437